[Event "1. Bamberg-Open 2018"]
[Site "Bamberg"]
[Date "2018.05.12"]
[Round "6"]
[White "Delitzsch, Juergen"]
[Black "Boehme, Markus"]
[Result "0-1"]
[WhiteElo "2206"]
[BlackElo "2071"]
[Annotator "TA"]
[PlyCount "129"]
[EventDate "2018.??.??"]
[EventType "swiss"]
[EventCountry "GER"]
[SourceTitle "playchess.com"]
[Source "ChessBase"]
[SourceQuality "1"]

{[%evp 9,129,-7,-1,-3,-4,-43,-7,-7,-7,-10,-10,-23,-7,-42,-10,-50,-18,-3,31,28,27,-4,3,6,4,0,14,-7,-8,-9,-8,-21,0,1,42,-23,0,-19,-6,-11,-4,-15,-7,-22,-16,-31,-25,-31,0,0,0,-5,-4,-12,22,10,64,14,40,11,24,23,28,28,29,18,39,49,54,47,66,60,75,67,73,66,104,98,122,80,134,0,108,98,142,96,95,91,97,100,135,127,142,24,31,25,24,8,6,4,80,-8,-8,-10,-31,-41,-30,-445,-445,-445,-445,-445,-439,-885,-601,-604,29984,29985,29987,29986,29986,29987]} 1. d4 Nf6 2. Nf3 e6 3. g3 d5 4. Bg2 b5 5. Bg5 (5. O-O Bb7 6. Bg5 Nbd7 7. e4 dxe4 8. Nfd2 h6 9. Bxf6 Nxf6 10. Qe2 a6 11. Nxe4 Bxe4 12. Bxe4 Nxe4 13. Qxe4 Qd5 {½-½ (62) Aronian,L (2784)-Dominguez Perez,L (2732) Skopje 2015}) 5... Be7 {LiveBook: 5 Games} 6. c3 {A46: 1 d4 Nf6 2 Nf3 e6: Torre, London and Colle Systems} Nbd7 $146 ({Predecessor:} 6... O-O 7. Nbd2 Nbd7 8. O-O Rb8 9. Re1 Bb7 10. a4 b4 11. c4 c5 12. cxd5 {½-½ (12) Ivanov,M (2500)-Luther,T (2520) Deizisau 1997}) 7. Qd3 Rb8 8. Nbd2 {The position is equal.} c5 9. O-O O-O 10. Bf4 Rb6 11. Ne5 Bb7 12. Rad1 Qc8 13. Nxd7 Qxd7 14. dxc5 Bxc5 15. Nb3 Be7 16. Be3 Rc6 17. Na5 Rcc8 18. Nxb7 ({Much worse is} 18. Bxa7 Ra8 $11) 18... Qxb7 19. Bd4 Rfd8 20. Kh1 Qc7 21. f4 Qc4 22. Qe3 (22. f5 $14) 22... Bc5 23. a3 Bxd4 24. Rxd4 Qc5 25. Qd2 Re8 26. h3 Qc7 27. Rd3 h5 28. Bf3 Qc4 29. Rd4 Qc7 30. Kg2 e5 31. fxe5 Qxe5 (31... Rxe5 {feels hotter.} 32. g4 hxg4 33. hxg4 Rce8 34. Qf4 Qd7) 32. Qf4 Qxf4 (32... g5 $11 33. Qxe5 Rxe5) 33. Rxf4 (33. gxf4 {is interesting.} Rc4 34. Rfd1 Re7 35. Kf2 Rd7 36. e3) 33... Re5 34. Rd1 Kf8 35. a4 bxa4 36. Rxa4 Rb8 37. Rd2 Re7 38. Ra5 Rd7 39. Kf2 Ke7 40. Ke1 g6 41. Kd1 Rb6 42. Kc2 Rbd6 43. Rd4 Re6 44. Kd2 Red6 ({Black should play} 44... Rb6) 45. Kc2 (45. Rda4 $16) 45... Kf8 (45... Re6 $11) 46. Rda4 Ne4 47. Bxe4 dxe4 48. Rxe4 $16 {[%mdl 4096] Endgame KRR-KRR} Rd2+ 49. Kb1 $1 Rb7 50. b4 Rbd7 51. Ra2 ({White should try} 51. Ra3 $16) 51... Rd1+ $11 52. Kb2 Rh1 $1 {[%cal Rh1h3]} 53. h4 Rh3 54. Re3 {next Ra1 is good for White.} g5 {[#]} (54... Rd2+ $11 {remains equal.} 55. Kb3 Rxa2 56. Kxa2 g5) 55. hxg5 ({Better is} 55. Ra5 $1 $16 {[%cal Ra5g5]} gxh4 56. Rxh5) 55... Rd2+ 56. Kb3 Rxa2 57. Kxa2 {Strongly threatening Rf3. KR-KR} h4 {[%cal Bh5h4,Bh4g3,Bg3g2][%mdl 32]} 58. Kb3 $2 {[%mdl 8192]} (58. Re4 $11 hxg3 59. c4) 58... hxg3 $19 59. Re4 Kg7 60. Rd4 {[#] intending Kc2.} Kg6 $1 61. Rf4 (61. Kc2 $142 Kxg5 62. Rd1) 61... g2 62. Rg4 Rg3 $4 {[%mdl 8192]} (62... Rh2 $19 63. Rg3 Kh5) 63. Rxg3 {White mates.} Kh5 64. g6 fxg6 65. c4 {[%mdl 32768] Precision: White = 34%, Black = 40%. . Loss on Time!?} 0-1

[Event "1. Bamberg-Open 2018"]
[Site "Bamberg"]
[Date "2018.05.12"]
[Round "6"]
[White "Wagner, Florian"]
[Black "Vogel, Roven"]
[Result "0-1"]
[WhiteElo "2197"]
[BlackElo "2449"]
[Annotator "TA"]
[PlyCount "80"]
[EventDate "2018.??.??"]
[EventType "swiss"]
[EventCountry "GER"]
[SourceTitle "playchess.com"]
[Source "ChessBase"]
[SourceQuality "1"]

{[%evp 21,80,-8,21,4,8,7,8,14,0,4,15,-22,-15,-29,-15,-33,0,-38,0,-29,30,31,40,29,19,18,11,23,14,-37,-35,-50,18,0,0,-92,-90,-83,-80,-76,-82,-82,0,0,0,0,-3,-4,-17,-548,-523,-12832,-12832,-12833,-12833,-12833,-12833,-12833,-12834,-12833,-12831]} 1. d4 Nf6 2. c4 e6 3. g3 d5 4. Nf3 Be7 5. Bg2 O-O 6. O-O Nbd7 7. Qc2 c6 8. b3 b6 9. Bb2 Bb7 10. Nbd2 c5 11. cxd5 {E09: Closed Catalan: Main Line: 7 Qc2 c6 8 Nbd2} (11. Rac1 dxc4 12. Nxc4 Be4 13. Qd2 Rc8 14. dxc5 Rxc5 15. Rfd1 Qa8 16. Qe1 Rcc8 17. Ba3 Bxa3 18. Nxa3 Rxc1 19. Rxc1 Rc8 20. Nb5 Rxc1 21. Qxc1 Ne8 22. Qf4 Ndf6 23. Nc7 Qb7 24. Nxe8 Nxe8 25. Ne1 {½-½ (25) Bok,B (2599)-L'Ami,E (2606) Amsterdam 2016}) 11... exd5 {LiveBook: 9 Games} 12. Rad1 Rc8 13. dxc5 {The position is equal.} Bxc5 14. Qb1 $146 ({Predecessor:} 14. Qf5 Qe7 15. e3 Qe6 16. Qb1 Qe7 17. Qa1 Ba3 {1-0 (50) Supi,L (2436)-Alboredo,J (2017) Juiz de Fora 2015}) 14... Qe7 15. e3 Ne4 16. Qa1 f5 17. a3 a5 18. Rfe1 Rc6 19. Nf1 Rh6 20. Nd4 Qe8 ({Better is} 20... Qf7) 21. f3 $11 Ng5 22. h4 Bxd4 23. hxg5 Bxb2 24. Qxb2 Rd6 25. e4 (25. b4 $11) 25... fxe4 26. fxe4 Qh5 (26... Re6 $15 27. Qd2 d4 $1 {[%mdl 512]} 28. Qxd4 Ne5) 27. e5 Rg6 28. Qd2 (28. b4 $11) 28... Nc5 $17 29. Bxd5+ Bxd5 30. Qxd5+ Ne6 31. Nd2 Qxg5 (31... Rd8 $17 32. Qf3 Qxg5) 32. Ne4 $11 Qg4 $40 {[%mdl 128] next ...Rd8 is good for Black. Black attacks.} 33. Rf1 Rxf1+ 34. Rxf1 {White wants to mate with Qa8+.} h5 {Hoping for ...h4.} 35. Rf4 $2 {[%mdl 8192]} (35. Kf2 $1 $11 {and White is okay.}) 35... Qxf4 $1 $19 {Black is clearly winning.} 36. Nf6+ gxf6 37. Qxe6+ Kh7 38. Qf7+ {[#]} Rg7 $1 39. Qxh5+ Qh6 40. Qf5+ Kh8 {Precision: White = 37%, Black = 43%.} 0-1

[Event "1. Bamberg-Open 2018"]
[Site "Bamberg"]
[Date "2018.05.12"]
[Round "6"]
[White "Kraich, Klaus"]
[Black "Paehtz, Thomas"]
[Result "0-1"]
[WhiteElo "2169"]
[BlackElo "2353"]
[Annotator "ChessBase"]
[PlyCount "82"]
[EventDate "2018.??.??"]
[EventType "swiss"]
[EventCountry "GER"]
[SourceTitle "playchess.com"]
[Source "ChessBase"]
[SourceQuality "1"]
[TimeControl "40/5400+30:900+30"]

1. Nf3 {[%emt 0:00:00]} g6 {[%emt 0:00:07]} 2. d4 {[%emt 0:00:00]} Bg7 {[%emt 0:00:07]} 3. e4 {[%emt 0:01:34]} d6 {[%emt 0:00:08]} 4. Bc4 {[%emt 0:00:15]} Nf6 {[%emt 0:07:00]} 5. Qe2 {[%emt 0:00:42]} O-O {[%emt 0:02:10]} 6. O-O {[%emt 0:00:49]} c6 {[%emt 0:06:41]} 7. Bb3 {[%emt 0:00:25]} Bg4 {[%emt 0:06:34]} 8. h3 {[%emt 0:00:19]} Bxf3 {[%emt 0:00:11]} 9. Qxf3 {[%emt 0:00:01]} e5 {[%emt 0:00:47]} 10. dxe5 {[%emt 0:00:26]} dxe5 {[%emt 0:00:03]} 11. Nc3 {[%emt 0:01:46]} Nbd7 {[%emt 0:00:46]} 12. Rd1 {[%emt 0:05:24]} Qe7 {[%emt 0:00:14]} 13. Be3 {[%emt 0:04:34]} Nc5 {[%emt 0:00:10]} 14. Rd2 {[%emt 0:01:13]} Rad8 {[%emt 0:04:17]} 15. Rad1 {[%emt 0:00:44]} Rxd2 {[%emt 0:00:14]} 16. Rxd2 {[%emt 0:00:18]} b5 {[%emt 0:00:50]} 17. Bxc5 {[%emt 0:08:27]} Qxc5 {[%emt 0:00:02]} 18. Qd3 {[%emt 0:00:22]} Rc8 {[%emt 0:11:26]} 19. Nd1 {[%emt 0:04:02]} Bh6 {[%emt 0:08:32]} 20. Re2 {[%emt 0:10:00]} Qe7 {[%emt 0:00:33]} 21. Qf3 {[%emt 0:03:08]} Nd7 {[%emt 0:20:40]} 22. Ne3 Nc5 {[%emt 0:04:37]} 23. Rd2 {[%emt 0:15:48]} Rc7 {[%emt 0:00:51]} 24. c3 {[%emt 0:12:34]} a5 {[%emt 0:06:13]} 25. Bc2 {[%emt 0:01:57]} a4 {[%emt 0:00:19]} 26. Rd1 {[%emt 0:02:24]} Rd7 {[%emt 0:04:46]} 27. Rxd7 {[%emt 0:04:32]} Qxd7 {[%emt 0:01:00]} 28. Ng4 {[%emt 0:02:58]} Bg7 {[%emt 0:00:06]} 29. Nf6+ {[%emt 0:01:04]} Bxf6 {[%emt 0:00:06]} 30. Qxf6 {[%emt 0:00:01]} Qd2 {[%emt 0:02:48]} 31. Qxe5 {[%emt 0:01:37]} Ne6 {[%emt 0:00:24]} 32. c4 {[%emt 0:12:32]} Qxc2 {[%emt 0:00:32]} 33. cxb5 {[%emt 0:00:15]} cxb5 {[%emt 0:00:32]} 34. Qb8+ {[%emt 0:00:18]} Nf8 {[%emt 0:00:56]} 35. Qxb5 {[%emt 0:00:19]} Qxe4 {[%emt 0:00:30]} 36. g3 {[%emt 0:03:04]} Qb1+ {[%emt 0:00:21]} 37. Kg2 {[%emt 0:00:22]} Qxa2 {[%emt 0:00:09]} 38. Qe8 {[%emt 0:01:49]} Qb3 {[%emt 0:02:11]} 39. Kg1 {[%emt 0:00:31]} Qd1+ {[%emt 0:00:50]} 40. Kg2 {[%emt 0:00:19]} Qd4 {[%emt 0:15:23]} 41. h4 {[%emt 0:17:48]} h5 {[%emt 0:00:10]} 0-1

[Event "1. Bamberg-Open 2018"]
[Site "Bamberg"]
[Date "2018.05.12"]
[Round "6"]
[White "Neubauer, Bernd"]
[Black "Winterholler, Christina"]
[Result "1-0"]
[WhiteElo "2167"]
[BlackElo "2044"]
[Annotator "TA"]
[PlyCount "105"]
[EventDate "2018.??.??"]
[EventType "swiss"]
[EventCountry "GER"]
[SourceTitle "playchess.com"]
[Source "ChessBase"]
[SourceQuality "1"]

{[%evp 11,105,34,41,41,49,16,25,12,9,0,15,-9,11,-25,0,0,28,0,0,-25,-20,-20,-20,-35,0,-18,-22,-35,-27,-68,-68,-70,-70,-80,-33,-35,-36,-65,-66,-47,-34,-35,0,16,125,115,105,125,92,66,66,56,122,86,56,0,0,0,0,0,0,-10,143,142,768,660,2097,1997,1818,195,6395,1814,29981,29982,29981,29983,29984,29985,29985,29986,29987,29987,29987,29988,29988,29989,29994,29995,29995,29995,29995,29996,29996,29997,29997,29998]} 1. d4 Nf6 2. Nf3 d5 3. e3 Bf5 4. c4 dxc4 5. Bxc4 e6 6. Nc3 Be7 {LiveBook: 3 Games} 7. O-O {D24: Queen's Gambit Accepted: 3 Nf3 Nf6 4 Nc3} O-O 8. a3 Nbd7 9. b4 {White has an edge.} (9. Qe2 Ne4 10. Rd1 c6 {½-½ (68) Stoeckert,M (2455)-Michalek,M (2477) ICCF email 2015}) 9... c6 10. Bb2 Qc7 11. Qe2 Bg4 $146 ({Predecessor:} 11... Ne4 12. Rfc1 Rac8 13. Bb3 a6 14. Na4 {½-½ (31) Makhnev,V (2216)-Kutepov,A (2122) Vladimir 2002}) 12. e4 Nb6 13. Bb3 Rfd8 14. Rfd1 a5 15. b5 c5 16. dxc5 Qxc5 17. e5 Bxf3 18. gxf3 Nfd5 19. Ne4 Nf4 20. Qf1 Rxd1 21. Rxd1 Qc7 22. a4 Nbd5 23. Rc1 Qd8 24. Qc4 Bb4 25. Kh1 Qh4 26. Rg1 Kh8 (26... Be7 $15) 27. Rg4 $11 Qd8 {[#]} (27... Qe7 $11) 28. Nd6 $1 $16 {[%mdl 512]} Bxd6 29. exd6 Ng6 30. Qd4 {[%csl Gb2][%cal Rd4g7]} Nf6 {White must now prevent ...e5.} 31. Rg1 e5 (31... Qd7 $14) 32. Qd2 Qd7 33. Bc2 (33. f4 $14) 33... Re8 $1 $11 34. Bxg6 hxg6 35. Re1 Qf5 36. Qe3 e4 $2 (36... Kh7 $11) 37. Bxf6 $1 $16 Qxf6 $2 {[%mdl 12288] Endgame KQR-KQR} (37... gxf6 $16 38. fxe4 Qe6) 38. d7 $18 Rd8 39. Qxe4 Kh7 40. Qd5 $2 $40 {[%mdl 128] White goes for the king.} (40. Qg4 {Qh3+ would kill now.} g5 41. Re8 Rxd7 42. Qxd7 Qxf3+ 43. Kg1) 40... b6 $2 (40... Qf5 41. Qxb7 Rxd7) 41. Re8 Qa1+ 42. Kg2 {White mates.} Qf6 {[#]} 43. f4 $1 {[%mdl 512]} Qh4 (43... Qxf4 44. Rxd8) 44. Rxd8 Qxd8 45. Qxf7 {KQ-KQ} Qa8+ 46. Kg1 Qd8 47. Qe8 Qg5+ 48. Kf1 Qf5 49. d8=Q {[%csl Gd8][%cal Re8h8]} Qh3+ 50. Ke1 {[%csl Gd8][%cal Re8h8]} Qc3+ 51. Ke2 {[%csl Gd8][%cal Re8h8]} Qc2+ 52. Kf3 {[%csl Gd8][%cal Re8h8]} Qb3+ 53. Kg2 {Precision: White = 49%, Black = 33%.} 1-0

[Event "1. Bamberg-Open 2018"]
[Site "Bamberg"]
[Date "2018.05.12"]
[Round "6"]
[White "Dettmann, Gerd"]
[Black "Deml, Tilo"]
[Result "1/2-1/2"]
[WhiteElo "2163"]
[BlackElo "1879"]
[Annotator "TA"]
[PlyCount "90"]
[EventDate "2018.??.??"]
[EventType "swiss"]
[EventCountry "GER"]
[SourceTitle "playchess.com"]
[Source "ChessBase"]
[SourceQuality "1"]

{[%evp 9,90,8,8,18,41,41,50,28,31,20,37,43,34,17,50,33,35,34,33,28,50,27,64,0,24,24,21,14,52,52,58,50,47,45,52,52,52,52,66,7,15,0,0,0,0,0,0,0,0,-16,0,0,9,0,0,0,1,0,0,0,0,0,0,0,0,0,0,0,0,0,0,0,0,-15,0,0,0,0,0,0,0,0,0]} 1. e4 e5 2. Nf3 d6 3. c3 Nf6 4. Be2 Be7 (4... Nbd7 5. d3 g6 6. O-O Bg7 7. Re1 O-O 8. Bf1 Ne8 {0-1 (8) Campora,D (2490)-Solic,K (2235) Seville 2012}) 5. O-O O-O 6. Qc2 {C41: Philidor Defence} Bg4 7. d4 Nbd7 {[%cal Bb8d7,Bd7f8,Bf8e6][%mdl 32]} 8. Be3 $146 {White is slightly better.} ({Predecessor:} 8. Nbd2 c6 9. Nc4 b5 10. dxe5 Nxe4 11. Nxd6 Nxd6 12. exd6 {½-½ (29) Timm,C (1605)-Dittrich,H (1742) Berlin 2017}) 8... c6 9. Nbd2 {[%cal Bb1d2,Bd2f1,Bf1g3,Bg3e2,Be2f4][%mdl 32]} Qc7 10. Rfe1 Rfe8 11. Nf1 Nf8 12. Ng3 Ne6 13. h3 Bxf3 14. Bxf3 Bf8 15. Ne2 d5 16. dxe5 ({White should play} 16. exd5 $1 $14 cxd5 17. dxe5 Qxe5 18. Ng3) 16... Qxe5 {[%cal Rd5e4]} 17. exd5 Nxd5 18. Bd2 Bc5 19. Nf4 Qd6 20. Nxe6 Rxe6 21. Rxe6 Qxe6 22. Re1 Qd6 23. b4 Bb6 24. a3 (24. Qd3 $14 Qg3 25. Be3) 24... Nf4 $11 {The position is equal.} 25. Bxf4 Qxf4 26. Re4 Qf6 27. a4 {[%cal Ba3a4,Ba4a5][%mdl 32]} g6 28. a5 Bc7 29. Re3 Rd8 30. g3 a6 31. Kg2 h5 32. h4 Be5 33. Be2 Qd6 34. Rd3 Qe7 35. Rf3 {[#] Bc4 is the strong threat.} Kg7 36. Bc4 f5 37. Re3 Qd6 38. Qe2 Bf6 39. Bb3 Qd2 40. Qf3 Qb2 41. c4 Qd2 42. b5 axb5 43. cxb5 Qxa5 44. bxc6 bxc6 45. Qxc6 Qa8 {Precision: White = 52%, Black = 65%.} 1/2-1/2

[Event "1. Bamberg-Open 2018"]
[Site "Bamberg"]
[Date "2018.05.12"]
[Round "6"]
[White "Tong, Kevin"]
[Black "Achatz, Michael"]
[Result "1-0"]
[WhiteElo "2158"]
[BlackElo "1858"]
[Annotator "TA"]
[PlyCount "89"]
[EventDate "2018.??.??"]
[EventType "swiss"]
[EventCountry "GER"]
[SourceTitle "playchess.com"]
[Source "ChessBase"]
[SourceQuality "1"]

{[%evp 16,89,21,0,6,0,7,0,3,0,1,8,25,29,27,33,17,24,52,19,28,7,40,26,124,133,118,117,168,163,166,163,154,150,133,106,117,116,156,156,147,107,211,180,209,211,210,208,279,279,626,446,444,445,487,408,479,460,470,444,646,643,631,602,965,921,1515,1510,1614,1322,1255,756,6303,6098,6191,6111]} 1. e4 e5 2. Nf3 Nf6 3. Nxe5 d6 4. Nf3 Nxe4 5. Nc3 Nxc3 6. dxc3 Be7 7. Bf4 Nc6 8. Qd2 Be6 {C42: Petroff Defence: 3 Nxe5 and unusual White 3rd moves} 9. Ng5 {LiveBook: 20 Games} Bf5 10. O-O-O h6 {The position is equal.} 11. Nf3 Qd7 12. h3 O-O-O 13. Bb5 $146 {[%cal Bf1b5,Bb5a4,Ba4b3,Bb3d5][%mdl 32]} ({Predecessor:} 13. Nd4 Nxd4 14. Qxd4 c5 15. Qd5 Be6 16. Qf3 Qa4 17. a3 Qxf4+ 18. Qxf4 Bg5 19. Qd2 {½-½ (19) Shirov,A (2713)-Ivanchuk,V (2753) Riga 2014}) 13... g5 14. Be3 {Black must now prevent Nd4.} a6 15. Ba4 b5 16. Bb3 Be6 17. Bd5 Ne5 18. b3 Kb8 19. Qd4 {[#] Threatening mate with Qa7+.} c5 (19... Nc6 $1 $11 20. Qd3 (20. Bxc6 Qxc6 21. Qa7+ Kc8 $11) 20... Bxd5 21. Qxd5 Bf6) 20. Nxe5 $16 dxe5 21. Qxe5+ Bd6 (21... Qc7 $16 {was necessary.} 22. Qxc7+ Kxc7) 22. Bxe6 $18 Qxe6 23. Qxe6 fxe6 24. Rd2 Kc7 25. Kd1 Kc6 26. Ke2 Be5 27. Rxd8 Rxd8 $16 {[%mdl 4096] Endgame KRB-KRB} 28. Bd2 Kd5 (28... Bf6 $16) 29. h4 $18 Rg8 30. hxg5 hxg5 31. Rh5 Ke4 32. Bxg5 Rh8 $2 {[#]} (32... Bd6 33. f3+ Kd5 34. Be7+ Kc6) 33. Rxh8 Bxh8 {KB-KB} 34. Bd2 c4 35. g4 Bg7 36. f3+ {White is clearly winning.} Kd5 37. Kf2 e5 (37... a5 $142 38. Kg3 Kd6) 38. Kg3 Ke6 39. Kh4 Kf7 40. Kg5 Ke6 41. Kg6 Bf8 42. g5 {[%cal Bg4g5,Bg5g6][%mdl 32]} Be7 43. Kh7 Bf8 44. g6 Kf6 45. Bh6 {Precision: White = 72%, Black = 23%.} 1-0

[Event "1. Bamberg-Open 2018"]
[Site "Bamberg"]
[Date "2018.05.12"]
[Round "6"]
[White "Huemmer, Bernd"]
[Black "Gegenfurtner, Juergen"]
[Result "0-1"]
[WhiteElo "2141"]
[BlackElo "2289"]
[Annotator "ChessBase"]
[PlyCount "68"]
[EventDate "2018.??.??"]
[EventType "swiss"]
[EventCountry "GER"]
[SourceTitle "playchess.com"]
[Source "ChessBase"]
[SourceQuality "1"]
[TimeControl "40/5400+30:900+30"]

1. Nf3 {[%emt 0:00:00]} d5 {[%emt 0:00:12]} 2. d4 {[%emt 0:00:00]} Nf6 {[%emt 0:00:10]} 3. Bf4 {[%emt 0:00:00]} e6 {[%emt 0:00:20]} 4. e3 {[%emt 0:00:19]} Bd6 {[%emt 0:01:10]} 5. Ne5 {[%emt 0:02:17]} O-O {[%emt 0:01:11]} 6. Bd3 {[%emt 0:00:51]} c5 {[%emt 0:01:59]} 7. c3 {[%emt 0:00:53]} Nc6 {[%emt 0:00:31]} 8. Nd2 {[%emt 0:01:24]} Qc7 {[%emt 0:02:30]} 9. Ndf3 {[%emt 0:04:51]} b6 {[%emt 0:01:53]} 10. Nxc6 {[%emt 0:05:05]} Qxc6 {[%emt 0:07:23]} 11. Bxd6 {[%emt 0:01:23]} Qxd6 {[%emt 0:00:05]} 12. Ne5 {[%emt 0:00:36]} Rb8 {[%emt 0:09:13]} 13. a3 {[%emt 0:11:48]} b5 {[%emt 0:08:39]} 14. O-O {[%emt 0:15:28]} a5 {[%emt 0:01:29]} 15. b4 {[%emt 0:04:07]} c4 {[%emt 0:01:36]} 16. Bc2 {[%emt 0:08:52]} Ne4 {[%emt 0:04:45]} 17. Bxe4 {[%emt 0:00:30]} dxe4 {[%emt 0:00:04]} 18. f4 {[%emt 0:00:45]} exf3 {[%emt 0:02:04]} 19. Nxf3 {[%emt 0:06:49]} Bb7 {[%emt 0:01:45]} 20. Qc2 {[%emt 0:01:23]} Ra8 {[%emt 0:06:23]} 21. a4 {[%emt 0:06:24]} axb4 {[%emt 0:04:14]} 22. cxb4 {[%emt 0:00:08]} bxa4 {[%emt 0:06:47]} 23. Rxa4 {[%emt 0:01:00]} Be4 {[%emt 0:01:12]} 24. Qa2 {[%emt 0:00:38]} Qxb4 {[%emt 0:00:41]} 25. Rxb4 {[%emt 0:03:35]} Rxa2 {[%emt 0:00:07]} 26. Rc1 {[%emt 0:04:09]} Bd5 {[%emt 0:04:09]} 27. e4 {[%emt 0:02:52]} Bxe4 {[%emt 0:00:06]} 28. Rbxc4 {[%emt 0:00:22]} g5 {[%emt 0:04:12]} 29. Rc5 {[%emt 0:01:41]} h6 {[%emt 0:00:39]} 30. Re5 {[%emt 0:02:08]} Bd5 {[%emt 0:04:01]} 31. Rd1 {[%emt 0:01:42]} Rc8 {[%emt 0:01:49]} 32. Rd2 {[%emt 0:01:05]} Rxd2 {[%emt 0:00:30]} 33. Nxd2 {[%emt 0:00:01]} Rc2 {[%emt 0:00:14]} 34. Re2 {[%emt 0:00:46]} Bc4 {[%emt 0:00:28]} 0-1

[Event "1. Bamberg-Open 2018"]
[Site "Bamberg"]
[Date "2018.05.12"]
[Round "6"]
[White "Schmidt, Justus"]
[Black "Epding, Olaf"]
[Result "1-0"]
[WhiteElo "2136"]
[BlackElo "2238"]
[Annotator "TA"]
[PlyCount "117"]
[EventDate "2018.??.??"]
[EventType "swiss"]
[EventCountry "GER"]
[SourceTitle "playchess.com"]
[Source "ChessBase"]
[SourceQuality "1"]

{[%evp 10,117,0,-21,52,22,29,16,24,25,31,14,14,2,10,2,18,0,22,0,0,0,7,0,14,-14,0,0,15,-25,0,-35,14,24,19,33,33,29,56,50,81,67,131,90,66,92,138,139,183,97,98,106,137,145,139,139,140,131,143,52,123,118,152,102,108,72,133,72,168,168,179,178,158,155,214,209,217,210,294,296,338,339,339,326,332,335,402,399,421,420,464,435,427,395,388,385,433,422,425,418,468,466,440,431,616,571,793,646,774,755]} 1. Nf3 d5 2. g3 e6 3. Bg2 Nf6 4. O-O c5 5. d3 Nc6 6. Nbd2 {LiveBook: 321 Games} d4 {A08: King's Indian Attack} ({Black should play} 6... Be7 $11) (6... Be7 7. e4 O-O 8. Re1 Qc7 9. Qe2 b5 10. e5 Nd7 11. Nf1 Bb7 12. h4 Rfc8 13. Bf4 a5 14. N1h2 a4 15. Ng5 Nd4 16. Qd1 a3 17. b3 b4 18. Rc1 Nf8 19. h5 h6 20. Nh3 {0-1 (52) Maghsoodloo,P (2594)-Mareco,S (2632) Moscow 2018}) 7. c3 Be7 8. Nc4 O-O {The position is equal.} 9. cxd4 cxd4 10. Bd2 $146 ({Predecessor:} 10. e4 b5 11. Nce5 Nxe5 12. Nxe5 Bb7 13. Qb3 a6 {0-1 (27) Coban,M (1930)-Emiroglu,C (2278) Konya 2012}) 10... Nd5 11. Nfe5 Nxe5 12. Nxe5 Bf6 13. Nc4 b6 14. Qb3 Rb8 15. Rfc1 Bb7 16. a4 Qd7 17. h4 g6 18. Bf3 h5 19. Qd1 a6 20. Kg2 b5 21. axb5 axb5 22. Na5 {[%cal Bc4a5,Ba5b3,Bb3c5][%mdl 32]} Ba8 23. Nb3 Bg7 24. Nc5 Qd8 25. Qb3 Nf6 (25... Rc8 $14) 26. Ra7 Bxf3+ 27. exf3 Ra8 28. Rb7 Rb8 29. Qxb5 ({Don't do} 29. Rxb5 $6 Rxb5 30. Qxb5 Qb8 $14) (29. Rxb8 $1 $18 Qxb8 30. Bg5) 29... Rxb7 30. Qxb7 Qb8 31. Bf4 Qxb7 32. Nxb7 Nd5 33. Bd6 $1 {[%cal Rd6f8]} Ra8 {[#]} 34. Rc5 (34. f4 $1 $16) 34... Bf8 {[#]} (34... Nb4 $1 $14) 35. Rb5 $1 $16 Ra1 36. Bxf8 Kxf8 {[%mdl 4096] Endgame KRN-KRN} 37. Nd6 Ra6 (37... Rd1 $142) 38. Ne4 (38. Nc4 $142) 38... Ra7 (38... Ra4 $16) 39. f4 $18 Rc7 40. Kf3 Ke7 41. Ke2 f5 (41... Ra7 $16 {might work better.} 42. Nd2 Nc7) 42. Nd2 Rc1 43. Rb7+ Ke8 44. Nf3 Rc2+ 45. Ke1 Rc1+ 46. Kd2 Rf1 47. Ke2 ({Less strong is} 47. Nxd4 Rxf2+ 48. Ne2 Rg2 $16) 47... Rb1 48. Nxd4 Nc3+ 49. Kd2 ({Weaker is} 49. bxc3 Rxb7 50. Nf3 Rb3 $14) 49... Na4 50. b3 Nc5 51. Rb5 Nd7 52. Nxe6 Rb2+ 53. Ke3 Nf6 54. f3 Rg2 55. Ng5 {White is clearly winning.} Ke7 56. Rb7+ Ke8 (56... Nd7 $142 57. b4 Rg1) 57. b4 Nd5+ 58. Kd4 Ne7 59. Ke5 {Precision: White = 49%, Black = 32%.} 1-0